000 01019nam a2200253 i 4500
001 169069
003 ES-MaACL
005 20251116063112.0
008 080806s1954 sp f |||| | spa d
080 _a338.24:539(460)
100 1 _aTorres, Manuel de,
_d1903-1960
_9138156
245 1 0 _aEnergía nuclear e industrialización en España /
_cSantiago Galindo Herrero.
260 _aMadrid :
_bAteneo,
_c1954.
300 _a36 p. :
_b1 lám. ;
_c19 cm.
490 1 _aColección "O crece o muere" ;
_v60
594 _aEl original fue dado a conocer por el autor en el Ateneo de Madrid, el día 24 de mayo de 1954, inagurando el ciclo sobre "Economía y política social"
610 2 7 _aAteneo de Madrid-
_vConferencias-
_y1940-1982.
_91908
650 4 _aEnergía nuclear-
_zEspaña.
_9171270
650 4 _aDesarrollo industrial-
_zEspaña-
_yS.XX.
_9167895
830 1 0 _aColección "O crece o muere"
_v60
_9183476
852 _aES-MaACL
_jJ-24(60)
852 _aES-MaACL
_jJ-25(60)
999 _c169069
_d169069